000 00432 a2200157 4500
999 _c10227
_d10227
020 _a9781779064677
050 _aKTZ275NAR2019
100 _aNare Sabelo
_eauthor
245 _aTax law and practice in Zimbabwe /
_cSabelo Nare
250 _a10th.
264 _aHarare:
_bRebasotho Investments,
_cc2019
300 _a306p. :
500 _aincludes table of contents
650 _aTax law
_xZimbabwe
942 _2lcc
_cBK
_h275
_iNAR
_kKTZ